Biển đảo, lãnh thổ thiêng liêng của người dân nước Việt
Giới thiệu về 2 quần đảo Trường Sa, Hoàng Sa - lãnh thổ thiêng liêng của người dân nước Việt
Saved in:
| Other Authors: | , , , , , , , |
|---|---|
| Format: | Book |
| Language: | Vietnamese |
| Published: |
H.
Văn học
2014
|
| Subjects: | |
| Tags: |
Add Tag
No Tags, Be the first to tag this record!
|
| Institutions: | Mạng thư viện Đại học Đà Nẵng |
|---|
| LEADER | 01769aam a22004938a 4500 | ||
|---|---|---|---|
| 001 | 000022966 | ||
| 003 | 19415 | ||
| 005 | 20150521080544.0 | ||
| 008 | 150520s2014 viesd | ||
| 020 | |c 63000đ |d 700b | ||
| 041 | 0 | |a vie | |
| 082 | 0 | 4 | |2 23 |a 320.1509597 |b Bie |
| 245 | 0 | 0 | |a Biển đảo, lãnh thổ thiêng liêng của người dân nước Việt |c Lam Hồng, Thuỵ An, Hạnh Nguyên tuyển chọn |
| 260 | |a H. |b Văn học |c 2014 | ||
| 300 | |a 250 tr. |c 21 cm. | ||
| 504 | |a Thư mục: tr. 245-250 | ||
| 520 | |a Giới thiệu về 2 quần đảo Trường Sa, Hoàng Sa - lãnh thổ thiêng liêng của người dân nước Việt | ||
| 650 | 0 | 4 | |2 Bộ TK TVQG |a Biển Đảo |x Chủ quyền |z Việt Nam |
| 651 | 7 | |2 Bộ TK TVQG |a Đảo Trường Sa | |
| 651 | 7 | |2 Bộ TK TVQG |a Đảo Hoàng Sa | |
| 651 | 7 | |2 Bộ TK TVQG |a Việt Nam | |
| 653 | |a Trường Sa | ||
| 653 | |a Việt Nam | ||
| 653 | |a Chính trị | ||
| 653 | |a Chủ Quyền | ||
| 653 | |a Hoàng Sa | ||
| 700 | 0 | |a Lam Hồng |e tuyển chọn, b.s. | |
| 700 | 1 | |a Thuỵ An |e tuyển chọn, b.s. | |
| 700 | 0 | |a Thanh Mận | |
| 700 | 1 | |a Trương Anh Ngọc | |
| 700 | 0 | |a Đức Dương | |
| 700 | 0 | |a Thu Thuỷ | |
| 700 | 0 | |a Minh Ngọc | |
| 700 | 1 | |a Hạnh Nguyên |e tuyển chọn, b.s. | |
| OWN | |a LSP | ||
| AVA | |a UDN50 |b LSP |d 320.1509597 Bie |e available |t Error 5001 Not defined in file expand_doc_bib_avail. |f 5 |g 0 |h N |i 1 |k 1 | ||
| 999 | |a From the UDN01 | ||
| AVA | |a UDN50 |b LSP |d 320.1509597 Bie |e available |t Error 5001 Not defined in file expand_doc_bib_avail. |f 5 |g 0 |h N |i 1 |k 1 | ||
| TYP | |a Monograph | ||
| TYP | |a Printed language | ||
| 980 | |a Mạng thư viện Đại học Đà Nẵng | ||